200 let textilní výroby ve Strakonicích = 200 years of textile production in Strakonice /

Hlavní autor: Chrastinová, Helena, 1974-
Korporativní autor: Johnson Controls, Inc.
Další autoři: Stejskal, Aleš, 1966-2023
Jazyk: Čeština
Angličtina
Vydáno: Liberec : Knihy 555, 2012
Témata:
Externí odkaz: Digitalizovaný dokument
Fyzický popis: 55, 55 s. : il. (některé barev.), portréty, faksim. ; 22 x 30 cm
Knihy
Uloženo v:
LEADER 02450nam a2200589 a 4500
001 nkc20122429540
003 CZ PrNK
005 20130118074450.0
007 ta
008 121203s2012 xr ach e 000 0 cze
015 |a cnb002429540 
020 |a 978-80-86660-35-6  |q (váz.) 
035 |a (OCoLC)823821940 
040 |a ABA001  |b cze 
041 1 |a cze  |a eng  |h cze 
043 |a e-xr---  |b e-xr-jc  |2 czenas 
045 |a w-y- 
072 7 |a 677  |x Textilní průmysl  |2 Konspekt  |9 19 
080 |a 677  |2 MRF 
080 |a 677:334.716  |2 MRF 
080 |a (437.319)  |2 MRF 
080 |a (082.2)  |2 MRF 
100 1 |a Chrastinová, Helena,  |d 1974-  |7 jx20080911037  |4 aut 
245 1 0 |a 200 let textilní výroby ve Strakonicích =  |b 200 years of textile production in Strakonice /  |c Helena Stejskalová, Aleš Stejskal 
246 3 |a Dvě stě let textilní výroby ve Strakonicích 
246 3 |a Two hundred years of textile production in Strakonice 
246 3 1 |a 200 years of textile production in Strakonice 
260 |a Liberec :  |b Knihy 555,  |c 2012 
300 |a 55, 55 s. :  |b il. (některé barev.), portréty, faksim. ;  |c 22 x 30 cm 
500 |a Na obálce nad názvem: Johnson Controls 
500 |a 1000 výt. 
500 |a Anglický text tištěn zvratmo včetně vlastní tit. s. 
610 2 7 |a FEZKO, vlnařské závody a fezárny (firma)  |7 ko2005276001  |2 czenas 
610 2 7 |a Johnson Controls, Inc.  |7 kn20121214007  |2 czenas 
648 4 |a 1812-2012 
648 7 |a 19.-21. století  |7 ch757016  |2 czenas 
650 0 7 |a textilní průmysl  |7 ph116446  |z Česko  |y 19.-21. století  |2 czenas 
650 0 7 |a textilní podniky  |7 ph497311  |z Česko  |y 19.-21. století  |2 czenas 
650 0 9 |a textile industry  |z Czechia  |y 19th-21st centuries  |2 eczenas 
650 0 9 |a textile enterprises  |z Czechia  |y 19th-21st centuries  |2 eczenas 
651 7 |a Strakonice (Česko)  |7 ge130962  |2 czenas 
651 9 |a Strakonice (Czechia)  |2 eczenas 
655 7 |a jubilejní publikace  |7 fd131839  |2 czenas 
655 9 |a jubilee books  |2 eczenas 
700 1 |a Stejskal, Aleš,  |d 1966-2023  |7 js20020122001  |4 aut 
710 2 |a Johnson Controls, Inc.  |7 kn20121214007 
856 4 1 |u http://www.digitalniknihovna.cz/mzk/uuid/uuid:835a3e70-b842-11e5-b5dc-005056827e51  |y Digitalizovaný dokument  |x NDK 
910 2 |a BOA001  |b 4-1294.955 
990 |a BK 
995 |a 01 
991 |b 201301  |c NOV  |e n 
996 6 |b 2610533227  |c 4-1294.955  |l MZK  |r Sklad / do 1 hodiny  |n 3  |p p.v.  |w 001303672  |u 000010  |a 1  |e BOA001  |j MZK50  |s P